Ogni cosa è da lei illuminata : [narrativa] /

Gespeichert in:
Bibliographische Detailangaben
1. Verfasser: Schwarzenbach, Annemarie
Weitere Verfasser: D'Agostini, Tina (Übersetzung), Schwarzenbach, Alexis
Format: Buch
Sprache:Italienisch
Veröffentlicht: Milano : Il saggiatore, 2012
Schriftenreihe:Le silerchie ; 4
Tags: Tag hinzufügen
Keine Tags, Fügen Sie das erste Tag hinzu!

MARC

LEADER 00000nam a22000007i 4500
001 IT\ICCU\MOD\1603228
003 ItRI
005 20260115232102.0
008 120714s2012 it |||||| ||||| |||||c
020 |a 9788842818304 
040 |b ita  |c importazione bologna sebina 
041 7 |a ita  |2 ISO-639-2 
082 |a 833.9  |9 NARRATIVA TEDESCA, 1900-  |2 21 
100 1 |a Schwarzenbach, Annemarie  |0 IT\ICCU\RMLV\035312 
240 1 5 |a Eine Frau zu sehen.  |3 IT\ICCU\MOD\1603230  |9 Schwarzenbach, Annemarie 
245 1 0 |a Ogni cosa è da lei illuminata :  |b [narrativa] /  |c Annemarie Schwarzenbach ; traduzione di Tina D'Agostini ; postfazione di Alexis Schwarzenbach. 
260 |a Milano :  |b Il saggiatore,  |c 2012 
300 |a 50 p., 1 ritratto ;  |c 20 cm 
700 1 |a D'Agostini, Tina  |0 IT\ICCU\LO1V\172676  |4 trl 
700 1 |a Schwarzenbach, Alexis  |0 IT\ICCU\UBOV\905612 
830 3 |a Le silerchie ;  |v 4  |0 IT\ICCU\LO1\1436677 
942 |2 ddc  |c BK  |n 0 
952 |0 0  |1 0  |4 0  |6 L_833_912000000000000_SCH  |7 0  |9 19780  |a BO  |b BO  |d 2026-01-15  |i 20881  |l 0  |o L 833.912 SCH  |p BO20881  |r 2026-01-15 23:21:02  |w 2026-01-15  |x [Sebina 5] [1 v.]  |y BK  |z 1 v. 
999 |c 16862  |d 16862